00354nam a2200097Ia 4500008004100000100001600041245007700057260003900134650001500173856006800188160712s9999 xx 000 0 und d aYu, Joel C. cJoel C. Yu,aRegime-Switching Market Risk: Evidence from the Philippines c2012bPhilippine Management Review xMANAGEMENT uhttp://journals.upd.edu.ph/index.php/pmr/issue/view/248/showToc